|
|
|
|
| LEADER |
01574nam a22004214a 4500 |
| 001 |
EBC182581 |
| 003 |
MiAaPQ |
| 005 |
20200520144314.0 |
| 006 |
m o d | |
| 007 |
cr cn||||||||| |
| 008 |
030425s2004 enk sb 001 0 eng |
| 010 |
|
|
|z 2003008630
|
| 020 |
|
|
|z 0415312892 (Hardback)
|
| 020 |
|
|
|z 0415312906 (Softcover)
|
| 035 |
|
|
|a (MiAaPQ)EBC182581
|
| 035 |
|
|
|a (Au-PeEL)EBL182581
|
| 035 |
|
|
|a (CaPaEBR)ebr10101185
|
| 035 |
|
|
|a (CaONFJC)MIL7433
|
| 035 |
|
|
|a (OCoLC)56340351
|
| 040 |
|
|
|a MiAaPQ
|c MiAaPQ
|d MiAaPQ
|
| 050 |
|
4 |
|a HG3881
|b .G57554 2004
|
| 082 |
0 |
4 |
|a 338.9
|2 21
|
| 245 |
0 |
0 |
|a Global institutions and development
|h [electronic resource] :
|b framing the world? /
|c edited by Morten Bas and Desmond McNeill.
|
| 260 |
|
|
|a London ;
|a New York :
|b Routledge,
|c 2004.
|
| 300 |
|
|
|a xviii, 253 p.
|
| 490 |
1 |
|
|a RIPE series in global political economy
|
| 504 |
|
|
|a Includes bibliographical references (p. [225]-250) and index.
|
| 533 |
|
|
|a Electronic reproduction. Ann Arbor, MI : ProQuest, 2015. Available via World Wide Web. Access may be limited to ProQuest affiliated libraries.
|
| 650 |
|
0 |
|a Financial institutions, International.
|
| 650 |
|
0 |
|a International agencies.
|
| 650 |
|
0 |
|a Development banks.
|
| 650 |
|
0 |
|a Economic development.
|
| 655 |
|
4 |
|a Electronic books.
|
| 700 |
1 |
|
|a Bas, Morten,
|d 1965-
|
| 700 |
1 |
|
|a McNeill, Desmond.
|
| 710 |
2 |
|
|a ProQuest (Firm)
|
| 830 |
|
0 |
|a RIPE series in global political economy.
|
| 856 |
4 |
0 |
|u https://ebookcentral.proquest.com/lib/matrademy/detail.action?docID=182581
|z Click to View
|